<?xml version="1.0" encoding="UTF-8"?>
<record
    xmlns:xsi="http://www.w3.org/2001/XMLSchema-instance"
    xsi:schemaLocation="http://www.loc.gov/MARC21/slim http://www.loc.gov/standards/marcxml/schema/MARC21slim.xsd"
    xmlns="http://www.loc.gov/MARC21/slim">

  <leader>04052nam a2200253Ia 4500</leader>
  <controlfield tag="005">20260305165035.0</controlfield>
  <controlfield tag="008">210716s2019    xx            000 0 und d</controlfield>
  <datafield tag="020" ind1=" " ind2=" ">
    <subfield code="a">9788126578061</subfield>
  </datafield>
  <datafield tag="040" ind1=" " ind2=" ">
    <subfield code="c">AIMIT LIBRARY</subfield>
  </datafield>
  <datafield tag="041" ind1=" " ind2=" ">
    <subfield code="a">eng</subfield>
  </datafield>
  <datafield tag="082" ind1=" " ind2=" ">
    <subfield code="a">658.3</subfield>
    <subfield code="2">1</subfield>
    <subfield code="b">PRER</subfield>
  </datafield>
  <datafield tag="100" ind1=" " ind2=" ">
    <subfield code="a">Preet, Raman.</subfield>
    <subfield code="9">255671</subfield>
  </datafield>
  <datafield tag="245" ind1=" " ind2=" ">
    <subfield code="a">Future of human resource management :</subfield>
    <subfield code="b">case studies with strategic approach /</subfield>
    <subfield code="c">By Raman Preet.</subfield>
  </datafield>
  <datafield tag="250" ind1=" " ind2=" ">
    <subfield code="a">1st ed.</subfield>
  </datafield>
  <datafield tag="260" ind1=" " ind2=" ">
    <subfield code="a">New Delhi :</subfield>
    <subfield code="b">Wiley India Pvt Ltd ,</subfield>
    <subfield code="c">2019.</subfield>
  </datafield>
  <datafield tag="300" ind1=" " ind2=" ">
    <subfield code="a">xviii,153p. ;</subfield>
    <subfield code="b">PB</subfield>
    <subfield code="c">23.4 cm</subfield>
  </datafield>
  <datafield tag="500" ind1=" " ind2=" ">
    <subfield code="a">Future of Human Resource Management: Case Studies with Strategic Approach is a resourceful book that deals with real-life scenario about HRM challenges in Indian organizations. Keeping in view the practical requirements of HR professionals &#x2013; both present and future &#x2013; this book aims to infuse value, help in developing cognitive approach, and reorient them with valuable real-time insights. This book would reskill the readers to deal with the future HRM challenges. This book intends to serve as a compilation of strategic HR scenarios and a ready reckoner for future HR practitioners, HR educators, and students.
</subfield>
  </datafield>
  <datafield tag="504" ind1=" " ind2=" ">
    <subfield code="a">Foreword

Preface

Acknowledgements

Contributors

Part A Future of Human Resource

HR Today: A Sneak Peek

The Future of HR

Case Study 1: HR of Future

Case Study 2: Gig Economy &#x2013; A Need for Future

Future of HR Analytics

What Is HR Analytics?

Part B Future of Artificial Intelligence and Digital Technology in HR

Recruitment

Onboarding

Training and Development

Employee Engagement and Productivity

Performance Management System

Issues of AI in Human Resources

Case Study 1: Job Description Matters

Case Study 2: The AI Buzz

Case Study 3: Are They Replacing Us?

Part C Future of Training and Development

Why E-Learning?

How E-Learning Supports Organizational Goals

Case Study 1: Why Training Fails?

Part D Future of Recruitment and Selection

Technology and Recruitment

Case Study 1: We Can Make It Possible

Case Study 2: Overcome the Recruitment Challenges

Case Study 3: All We Need Is a Chance

Case Study 4: New Era New Trend

Case Study 5: It&#x2019;s All about Talent Acquisition

Case Study 6: Old Is Gold but New Is a Need

Case Study 7: Gender Equality at Workplace

Part E Future of Change Management

Change Management Models

Case Study 1: Why Everything Went Wrong?

Case Study 2: Take a Right from Wrong

Case Study 3: Change Is the only Constant

Case Study 4: Aftermath of Acquisition

Case Study 5: Retention at Innovate

Case Study 6: Retaining My Valuable Assets

Part F Future Organization

The Need for Organizational Redesign

New Organizational Structures

Case Study 1: Redesigning the Organization

Case Study 2: How to Sail on the Same Boat?

Case Study 3: When it &#x2018;Strikes&#x2019;

Case Study 4: Each Coin Has Two Sides

Case Study 5: What Does Your Ethics Say?

Case Study 6: Men = Strong!

Case Study 7: All Is Well or All in Well

Part G Gender Diversity

Female Perspective

Male Perspective

Third Gender

Fourth Gender

Part H Workplace Bullying

Workplace Bullying

Who Are the Bullies and Their Types

Cost of Bullying for an Organization

Effects of Bullying &#x2013; Employee Effects

Part I Future of Performance Management

History of Performance Management

Reasons for Change in the Performance Appraisal System

What Does Future Hold for Performance Appraisal System?

References</subfield>
  </datafield>
  <datafield tag="505" ind1=" " ind2=" ">
    <subfield code="r">About the Author
Mr. Raman Preet, the Chairman and Founder of PIBM Group of Institutions, is an engineer by education and a first-generation entrepreneur by heart. Aligned with the vision of &#x201C;Creating Smart Entrepreneurs and Brave Leaders&#x201D;, he has developed diverse business ventures</subfield>
  </datafield>
  <datafield tag="650" ind1=" " ind2=" ">
    <subfield code="a">Future of human resource</subfield>
    <subfield code="9">255672</subfield>
  </datafield>
  <datafield tag="650" ind1=" " ind2=" ">
    <subfield code="a">Future of recruitment and selection</subfield>
    <subfield code="9">255673</subfield>
  </datafield>
  <datafield tag="650" ind1=" " ind2=" ">
    <subfield code="a">Future of performance management</subfield>
    <subfield code="9">255674</subfield>
  </datafield>
  <datafield tag="942" ind1=" " ind2=" ">
    <subfield code="2">ddc</subfield>
    <subfield code="c">BK</subfield>
    <subfield code="e">1st</subfield>
    <subfield code="k">658.3 PRER</subfield>
  </datafield>
  <datafield tag="999" ind1=" " ind2=" ">
    <subfield code="c">210828</subfield>
    <subfield code="d">210828</subfield>
  </datafield>
  <datafield tag="952" ind1=" " ind2=" ">
    <subfield code="0">0</subfield>
    <subfield code="1">0</subfield>
    <subfield code="2">ddc</subfield>
    <subfield code="4">0</subfield>
    <subfield code="7">0</subfield>
    <subfield code="8">MBA</subfield>
    <subfield code="a">AIMIT</subfield>
    <subfield code="b">AIMIT</subfield>
    <subfield code="c">HRM</subfield>
    <subfield code="d">2019-02-27</subfield>
    <subfield code="g">449.00</subfield>
    <subfield code="i">Bill no:613; Bill dt:2019-02-25</subfield>
    <subfield code="l">0</subfield>
    <subfield code="o">658.3 PRER</subfield>
    <subfield code="p">MBA13396</subfield>
    <subfield code="r">2026-05-23 00:00:00</subfield>
    <subfield code="v">336.75</subfield>
    <subfield code="w">2021-07-16</subfield>
    <subfield code="y">BK</subfield>
  </datafield>
  <datafield tag="952" ind1=" " ind2=" ">
    <subfield code="0">0</subfield>
    <subfield code="1">0</subfield>
    <subfield code="2">ddc</subfield>
    <subfield code="4">0</subfield>
    <subfield code="7">0</subfield>
    <subfield code="8">MBA</subfield>
    <subfield code="a">AIMIT</subfield>
    <subfield code="b">AIMIT</subfield>
    <subfield code="c">HRM</subfield>
    <subfield code="d">2020-03-19</subfield>
    <subfield code="g">469.00</subfield>
    <subfield code="i">Bill no:913; Bill dt:2020-03-16</subfield>
    <subfield code="l">1</subfield>
    <subfield code="o">658.3 PRER</subfield>
    <subfield code="p">MBA14127</subfield>
    <subfield code="r">2026-05-23 00:00:00</subfield>
    <subfield code="s">2023-02-16</subfield>
    <subfield code="v">351.75</subfield>
    <subfield code="w">2021-07-16</subfield>
    <subfield code="y">BK</subfield>
  </datafield>
  <datafield tag="952" ind1=" " ind2=" ">
    <subfield code="0">0</subfield>
    <subfield code="1">0</subfield>
    <subfield code="2">ddc</subfield>
    <subfield code="4">0</subfield>
    <subfield code="7">0</subfield>
    <subfield code="8">MBA</subfield>
    <subfield code="a">AIMIT</subfield>
    <subfield code="b">AIMIT</subfield>
    <subfield code="c">HRM</subfield>
    <subfield code="d">2026-02-12</subfield>
    <subfield code="e">SK Publishers &amp; Distributors</subfield>
    <subfield code="g">559.00</subfield>
    <subfield code="i">Bill.no:SKP4043;Bill.dt:2026/2/2</subfield>
    <subfield code="l">0</subfield>
    <subfield code="o">658.3 PRER</subfield>
    <subfield code="p">MBA15257</subfield>
    <subfield code="r">2026-05-23 00:00:00</subfield>
    <subfield code="v">419.25</subfield>
    <subfield code="w">2026-02-19</subfield>
    <subfield code="y">BK</subfield>
  </datafield>
</record>
